| 000 | 00580nab a2200157Ia 4500 | ||
|---|---|---|---|
| 003 | ES-SlBCS | ||
| 005 | 20210601133737.0 | ||
| 008 | 140529s2004 xxu||||| |||| 00| 0 por d | ||
| 041 | _apor | ||
| 100 | 1 |
_aCastro Oliveira, Sirlene de _9209102 |
|
| 245 | 0 | 0 |
_aEnsino Laico e Religioso na Ótica da Imprensa Uberabense (1924-1934) _c Sirlene de Castro Oliveira, José Carlos Souza Araújo |
| 650 | 0 | 4 |
_aEducación _986687 |
| 700 | 1 |
_aAraújo, José Carlos Souza _9209103 |
|
| 773 | 0 |
_tEducaçao e Filosofia _gvol. 18 Nº Especial, nº. 35, 2004, págs. 213-236 _wRev1534 |
|
| 942 | _cAR | ||
| 999 |
_c601432 _d601432 |
||